Belgium in Different Languages - Statistics

General Stats
  • This quiz has been taken 17 times
  • The average score is 11 of 26
Answer Stats
Other Name Language Name % Correct
Бельгия Russian
87%
België Dutch/ Afrikaans
80%
בלגיה Hebrew
67%
벨기에 Korean
67%
比利時 /比利时 Mandarin/ Chinese
67%
Belçika Azerbaijani/ Turkish
60%
Βέλγιο Greek
60%
ベルギー Japanese
60%
Белгија Macedonian/ Serbia
60%
เบลเยียม Thai
60%
Բելգիա Armenian
53%
Белгия Bulgarian
53%
ბელგია Georgian
53%
बॅल्जियम Hindi/ Marathi
53%
বেলজিয়াম Bengali
40%
Gwlad Belg Welsh
33%
il-Belġju Maltese
27%
Belgicko Slovak
27%
பெல்சியம் Tamil
27%
Belgjika Albanian
20%
બેલ્જિયમ Gujarati
20%
Beļģija Latvian
20%
Bi Vietnamese
13%
Belchica Aragonese
0%
Belgiska Lower Sorbian
0%
Beldjike Walloon
0%
No matching quizzes found
Score Distribution
Percent of People with Each Score
Percentile by Number Answered
Your Score History
You have not taken this quiz